Use and Impact of Information and Communication Technologies in Developing Countries' Small Businesses : (Record no. 615269)

MARC details
000 -LEADER
fixed length control field 00606nam a2200193 a 4500
008 - FIXED-LENGTH DATA ELEMENTS--GENERAL INFORMATION
fixed length control field 260221s2002##################000#0#eng##
020 ## - INTERNATIONAL STANDARD BOOK NUMBER
ISBN 9783631393208
082 04 - DEWEY DECIMAL CLASSIFICATION NUMBER
Classification number 338.642
Item number MUL
100 1# - MAIN ENTRY--AUTHOR NAME
Personal name Müller-Falcke, Dietrich,
245 10 - TITLE STATEMENT
Title Use and Impact of Information and Communication Technologies in Developing Countries' Small Businesses :
260 ## - PUBLICATION, DISTRIBUTION, ETC. (IMPRINT)
Name of publisher Peter Lang Pub Incorporated,
Year of publication 2002.
300 ## - PHYSICAL DESCRIPTION
Number of Pages 215 pages
650 #0 - SUBJECT ADDED ENTRY--TOPICAL TERM
Topical Term Business & Economics.
942 ## - ADDED ENTRY ELEMENTS (KOHA)
Koha item type English Books
Holdings
Withdrawn status Lost status Damaged status Not for loan Home library Current library Shelving location Date acquired Full call number Accession Number Price effective from Koha item type
        Anna Centenary Library Anna Centenary Library 4TH FLOOR, A WING 21.02.2026 338.642 MUL 221773 21.02.2026 English Books

Find us on the map